000 01225nam a22003017a 4500
001 9083
003 FISKH
005 20260313091856.0
008 251119b cb ||||| |||| 00| 0 eng d
020 _a9781416984467
040 _aFISKH
_beng
_cFISKH
_dFISKH
050 _aPZ7.P269368 V
082 _a440
100 _aPass , Erica
245 _aVote for Spongebob /
_cby Erica Pass : illustrated by Harry Moore
260 _aNew York :
_bSimon Spotlight / Nickelodeon ,
_c2008.
300 _a24 unnumbered pages :
_bcolor illustrations ;
_c20X20 cm .
490 _aSpongeBob SquarePants
505 _aN
520 _aJuvenile Fiction. Picture Book Fiction. Humor (Fiction.) HTML:SpongeBob SquarePants has election fever-and he has it bad! Competing with Squidward to be the Krusty Krab's first Royal Krabby, he's forgetting all about work in order to win votes. And Mr. Krabs isn't too pleased. Find out what happens in this royal election rumble! .
521 8 _a580
_bLexile estimate
521 8 _aN
_bRaz-Plus
650 _aSpongeBob
_vChildren's Books
650 _aCharacter counts
_vChildren's Books
700 _aMoore, Harry
_eIllustrator
942 _2ddc
_cBK
_n0
999 _c9083
_d9083